00634nam a22001937a 45000010005000000030009000050050017000140080041000310200015000720400028000870820021001152450081001362600056002173000029002735040041003026500038003436500035003817000024004161360BD-DhUAP20210117141509.0200122s1992 ohu b 000 0 eng  a0538817356 aDLCcDLCdBD-DhUAPbEng00223a174.9657 ETH00aEthical issues in the practice of accounting /cedited by W. Steve Albrecht. aCincinnati, Ohio :bSouth-Western Pub. Co.,cc1992. axiv, 178 pages ;c23 cm. aIncludes bibliographical references. 0aAccountantsxProfessional ethics. 0aAuditorsxProfessional ethics.1 aAlbrecht, W. Steve.